000 00394nam a2200133Ia 4500
005 20260328104319.0
008 260328s9999||||xx |||||||||||||| ||und||
100 _aArmesto, Antonio
245 0 _aCasas atlánticas :
_bAtlantic Houses Galicia - norte de Portugal / Galicia & northern Portugal /
_cAntonio Armesto
260 _bGustavo Gili
300 _a144 p.
650 _aCASAS
942 _cBK
999 _c11295
_d11295